| 000 | 00649cam a22002171 4500 | ||
|---|---|---|---|
| 020 | _a0700013407 | ||
| 040 | _cDLC | ||
| 082 | 0 | 0 | _a351 CHU 1968 A089 Or. |
| 245 | 1 | 0 |
_aDecision making in national science policy: _ba Ciba Foundation and Science of Science Foundation symposium; |
| 260 |
_aLondon, _bChurchill, _c1968. |
||
| 300 |
_axiii, 310 p. _billus. _c24 cm. |
||
| 650 | 0 | _aScience | |
| 650 | 0 | _aScience and state | |
| 650 | 0 | _aDecision making | |
| 700 | 1 | _aDe Reuck, Anthony V. S., | |
| 700 | 1 | _aGoldsmith, Maurice, | |
| 700 | 1 | _aKnight, Julie, | |
| 710 | 2 | _aCiba Foundation. | |
| 710 | 2 | _aScience of Science Foundation. | |
| 942 | _cEK | ||
| 999 |
_c16263 _d16263 |
||